000
00324nam a2200133Ia 4500
005
20251222141945.0
008
251222s9999||||xx |||||||||||||| ||spa||
020
_a
84-89295-05-0
082
_a
278.5/U77
100
_a
Uriarte, Manuel JoaquĆn
245
0
_a
Diario de un Misionero de Maynas
264
_b
Narcea
942
_c
LIB
999
_c
9500
_d
9500